Consonant ending Asian countries - Statistics

General Stats
  • This quiz has been taken 39 times
  • The average score is 28 of 32
Answer Stats
Answer % Correct
Afghanistan
94%
Bhutan
94%
Japan
94%
Kazakhstan
94%
Oman
94%
Philippines
94%
Taiwan
94%
Thailand
94%
Vietnam
94%
Iran
91%
Iraq
91%
Jordan
91%
Turkmenistan
91%
Uzbekistan
91%
Yemen
91%
Azerbaijan
88%
Kuwait
88%
Kyrgyzstan
88%
Laos
88%
Maldives
88%
Nepal
88%
Pakistan
88%
Bangladesh
85%
Israel
85%
Lebanon
85%
Qatar
85%
Tajikistan
85%
Bahrain
82%
Myanmar
82%
East Timor
74%
United Arab Emirates
71%
Cyprus
62%
No matching quizzes found
Score Distribution
Percent of People with Each Score
Percentile by Number Answered
Your Score History
You have not taken this quiz